Centra miast położone najbliżej lotnisk w Polsce - Statystyki

Ogólne statystyki
  • Ten quiz został rozwiązany 129 razy
  • Średni wynik to 42 z 150
Statystyki odpowiedzi
Lotnisko Odległość Miasto Województwo % Poprawnych
Bydgoszcz-Szwederowo 3 km Bydgoszcz Kujawsko-pomorskie
86%
Gdańsk-Rębiechowo 12 km Gdańsk Pomorskie
82%
Gdańsk-Rębiechowo 16 km Gdynia Pomorskie
82%
Gdańsk-Rębiechowo 9 km Sopot Pomorskie
82%
Kraków-Balice 10 km Kraków Małopolskie
79%
Lublin-Świdnik 10 km Lublin Lubelskie
75%
Poznań-Ławica 7 km Poznań Wielkopolskie
75%
Warszawa-Okęcie 9 km Warszawa Mazowieckie
74%
Łódź-Lublinek 6 km Łódź Łódzkie
70%
Olsztyn-Szymany 45 km Olsztyn|Olsztynek Warmińsko-Mazurskie
67%
Rzeszów-Jasionka 9 km Rzeszów Podkarpackie
67%
Warszawa-Radom 4 km Radom Mazowieckie
66%
Szczecin-Goleniów 29 km Szczecin Zachodniopomorskie
66%
Lublin-Świdnik 2 km Świdnik Lubelskie
63%
Wrocław-Strachowice 11 km Wrocław Dolnośląskie
62%
Gdańsk-Rębiechowo 28 km Wejherowo Pomorskie
56%
Łódź-Lublinek 14 km Zgierz Łódzkie
56%
Zielona Góra-Babimost 29 km Zielona Góra Lubuskie
56%
Kraków-Balice 21 km Wieliczka Małopolskie
55%
Warszawa-Okęcie 11 km Pruszków Mazowieckie
53%
Gdańsk-Rębiechowo 26 km Reda Pomorskie
52%
Gdańsk-Rębiechowo 21 km Rumia Pomorskie
51%
Łódź-Lublinek 8 km Pabianice Łódzkie
50%
Katowice-Pyrzowice 16 km Tarnowskie Góry Śląskie
47%
Warszawa-Okęcie 12 km Piaseczno Mazowieckie
46%
Warszawa-Modlin 5 km Nowy Dwór Mazowiecki Mazowieckie
45%
Szczecin-Goleniów 5 km Goleniów Zachodniopomorskie
44%
Bydgoszcz-Szwederowo 29 km Pruszcz Kujawsko-pomorskie
44%
Warszawa-Modlin 19 km Legionowo Mazowieckie
43%
Szczecin-Goleniów 30 km Stargard Zachodniopomorskie
43%
Katowice-Pyrzowice 14 km Piekary Śląskie Śląskie
41%
Gdańsk-Rębiechowo 18 km Kartuzy Pomorskie
39%
Gdańsk-Rębiechowo 17 km Pruszcz Gdański Pomorskie
39%
Katowice-Pyrzowice 17 km Będzin Śląskie
37%
Kraków-Balice 11 km Skawina Małopolskie
37%
Łódź-Lublinek 12 km Aleksandrów Łódzki Łódzkie
36%
Zielona Góra-Babimost 4 km Babimost Lubuskie
35%
Łódź-Lublinek 6 km Konstantynów Łódzki Łódzkie
34%
Poznań-Ławica 8 km Luboń Wielkopolskie
34%
Szczecin-Goleniów 22 km Police Zachodniopomorskie
33%
Bydgoszcz-Szwederowo 15 km Solec Kujawski Kujawsko-pomorskie
33%
Lublin-Świdnik 14 km Łęczna Lubelskie
32%
Wrocław-Strachowice 11 km Kąty Wrocławskie Dolnośląskie
31%
Bydgoszcz-Szwederowo 27 km Nakło nad Notecią Kujawsko-pomorskie
31%
Poznań-Ławica 17 km Swarzędz Wielkopolskie
31%
Gdańsk-Rębiechowo 8 km Żukowo Pomorskie
31%
Rzeszów-Jasionka 15 km Łańcut Podkarpackie
30%
Lublin-Świdnik 26 km Lubartów Lubelskie
30%
Olsztyn-Szymany 9 km Szczytno Warmińsko-Mazurskie
30%
Kraków-Balice 14 km Krzeszowice Małopolskie
29%
Łódź-Lublinek 24 km Łask Łódzkie
29%
Katowice-Pyrzowice 12 km Siewierz Śląskie
29%
Katowice-Pyrzowice 9 km Miasteczko Śląskie Śląskie
28%
Poznań-Ławica 26 km Oborniki Wielkopolskie
28%
Warszawa-Okęcie 16 km Ząbki Mazowieckie
28%
Warszawa-Modlin 20 km Łomianki Mazowieckie
26%
Olsztyn-Szymany 37 km Nidzica Warmińsko-Mazurskie
26%
Warszawa-Okęcie 9 km Piastów Mazowieckie
26%
Zielona Góra-Babimost 21 km Świebodzin Lubuskie
25%
Kraków-Balice 26 km Trzebinia Małopolskie
25%
Poznań-Ławica 22 km Buk Wielkopolskie
24%
Rzeszów-Jasionka 6 km Głogów Małopolski Podkarpackie
24%
Warszawa-Okęcie 13 km Konstancin-Jeziorna Mazowieckie
24%
Warszawa-Modlin 28 km Ożarów Mazowiecki Mazowieckie
24%
Warszawa-Okęcie 12 km Ożarów Mazowiecki Mazowieckie
24%
Katowice-Pyrzowice 14 km Radzionków Śląskie
24%
Łódź-Lublinek 9 km Rzgów Łódzkie
24%
Zielona Góra-Babimost 12 km Sulechów Lubuskie
24%
Wrocław-Strachowice 25 km Trzebnica Dolnośląskie
24%
Warszawa-Radom 27 km Zwoleń Mazowieckie
24%
Wrocław-Strachowice 21 km Środa Śląska Dolnośląskie
23%
Kraków-Balice 19 km Alwernia Małopolskie
22%
Rzeszów-Jasionka 23 km Kolbuszowa Podkarpackie
22%
Bydgoszcz-Szwederowo 25 km Koronowo Kujawsko-pomorskie
22%
Warszawa-Radom 19 km Pionki Mazowieckie
22%
Zielona Góra-Babimost 16 km Zbąszyń Wielkopolskie
22%
Gdańsk-Rębiechowo 32 km Hel Pomorskie
21%
Katowice-Pyrzowice 17 km Kalety Śląskie
21%
Poznań-Ławica 19 km Mosina Wielkopolskie
21%
Lublin-Świdnik 15 km Piaski Lubelskie
21%
Poznań-Ławica 14 km Puszczykowo Wielkopolskie
21%
Rzeszów-Jasionka 24 km Sędziszów Małopolski Podkarpackie
21%
Rzeszów-Jasionka 14 km Sokołów Małopolski Podkarpackie
21%
Zielona Góra-Babimost 12 km Zbąszynek Lubuskie
21%
Rzeszów-Jasionka 30 km Ropczyce Podkarpackie
20%
Kraków-Balice 18 km Skała Małopolskie
20%
Bydgoszcz-Szwederowo 20 km Szubin Kujawsko-pomorskie
20%
Katowice-Pyrzowice 12 km Wojkowice Śląskie
20%
Warszawa-Modlin 28 km Błonie Mazowieckie
19%
Poznań-Ławica 26 km Kórnik Wielkopolskie
19%
Warszawa-Radom 30 km Szydłowiec Mazowieckie
19%
Zielona Góra-Babimost 23 km Wolsztyn Wielkopolskie
19%
Rzeszów-Jasionka 16 km Boguchwała Podkarpackie
18%
Warszawa-Okęcie 18 km Brwinów Mazowieckie
18%
Warszawa-Okęcie 18 km Józefów Mazowieckie
18%
Katowice-Pyrzowice 15 km Koziegłowy Śląskie
18%
Szczecin-Goleniów 17 km Nowogard Zachodniopomorskie
18%
Kraków-Balice 25 km Kalwaria Zebrzydowska Małopolskie
17%
Łódź-Lublinek 17 km Tuszyn Łódzkie
17%
Rzeszów-Jasionka 17 km Tyczyn Podkarpackie
17%
Lublin-Świdnik 28 km Bychawa Lubelskie
16%
Olsztyn-Szymany 26 km Chorzele Mazowieckie
16%
Łódź-Lublinek 13 km Lutomiersk Łódzkie
16%
Warszawa-Modlin 19 km Nasielsk Mazowieckie
16%
Wrocław-Strachowice 21 km Oborniki Śląskie Dolnośląskie
16%
Warszawa-Modlin 27 km Płońsk Mazowieckie
16%
Warszawa-Okęcie 18 km Podkowa Leśna Mazowieckie
16%
Warszawa-Radom 10 km Skaryszew Mazowieckie
16%
Kraków-Balice 19 km Świątniki Górne Małopolskie
16%
Warszawa-Radom 10 km Jedlnia-Letnisko Mazowieckie
15%
Poznań-Ławica 22 km Murowana Goślina Wielkopolskie
15%
Olsztyn-Szymany 43 km Ruciane-Nida Warmińsko-Mazurskie
15%
Wrocław-Strachowice 21 km Siechnice Dolnośląskie
15%
Wrocław-Strachowice 25 km Sobótka Dolnośląskie
15%
Warszawa-Modlin 3 km Zakroczym Mazowieckie
15%
Lublin-Świdnik 31 km Bełżyce Lubelskie
14%
Poznań-Ławica 17 km Stęszew Wielkopolskie
14%
Olsztyn-Szymany 10 km Wielbark Warmińsko-Mazurskie
14%
Bydgoszcz-Szwederowo 26 km Barcin Kujawsko-pomorskie
13%
Olsztyn-Szymany 42 km Biskupiec Warmińsko-Mazurskie
13%
Zielona Góra-Babimost 9 km Kargowa Lubuskie
13%
Lublin-Świdnik 30 km Ostrów Lubelski Lubelskie
13%
Olsztyn-Szymany 21 km Pasym Warmińsko-Mazurskie
13%
Szczecin-Goleniów 19 km Stepnica Zachodniopomorskie
13%
Szczecin-Goleniów 27 km Dobra Zachodniopomorskie
12%
Bydgoszcz-Szwederowo 17 km Łabiszyn Kujawsko-pomorskie
12%
Bydgoszcz-Szwederowo 31 km Mrocza Kujawsko-pomorskie
12%
Łódź-Lublinek 24 km Stryków Łódzkie
12%
Kraków-Balice 26 km Sułkowice Małopolskie
12%
Rzeszów-Jasionka 26 km Błażowa Podkarpackie
11%
Wrocław-Strachowice 22 km Brzeg Dolny Dolnośląskie
11%
Szczecin-Goleniów 15 km Maszewo Zachodniopomorskie
11%
Olsztyn-Szymany 29 km Myszyniec Mazowieckie
11%
Warszawa-Modlin 23 km Nowe Miasto Mazowieckie
11%
Wrocław-Strachowice 30 km Prusice|Wołów Dolnośląskie
11%
Katowice-Pyrzowice 13 km Woźniki Śląskie
11%
Zielona Góra-Babimost 28 km Czerwieńsk Lubuskie
10%
Wrocław-Strachowice 13 km Miękinia Dolnośląskie
10%
Olsztyn-Szymany 41 km Barczewo Warmińsko-Mazurskie
9%
Warszawa-Radom 22 km Przytyk Mazowieckie
9%
Warszawa-Modlin 24 km Czerwińsk nad Wisłą Mazowieckie
8%
Warszawa-Radom 24 km Jastrząb Mazowieckie
8%
Warszawa-Radom 23 km Kazanów Mazowieckie
8%
Lublin-Świdnik 32 km Siedliszcze Lubelskie
8%
Zielona Góra-Babimost 26 km Trzciel Lubuskie
8%
Szczecin-Goleniów 32 km Chociwel Zachodniopomorskie
6%
Lublin-Świdnik 31 km Kamionka Lubelskie
6%
Bydgoszcz-Szwederowo 32 km Pakość Kujawsko-pomorskie
6%
Szczecin-Goleniów 26 km Golczewo Zachodniopomorskie
5%
Warszawa-Radom 27 km Głowaczów Mazowieckie
3%
Nie znaleziono quizów pasujących do podanych kryteriów
Rozkład punktacji
Procent ludzi z każdym wynikiem
Percentyl według liczby udzielonych odpowiedzi
Twoja historia wyników
Nie rozwiązałeś tego quizu